000
00268nam a2200109Ia 4500
008
190216s9999||||xx |||||||||||||| ||und||
100
_a
Madhavan Kutty K Dr
245
0
_a
Introduction To Human Phisiology
260
_b
Educational Books
650
_a
Botany
942
_c
BK
999
_c
1119
_d
1119